KOHA-Header-6

Art Of Business Communication (Record no. 9881)

000 -LEADER
fixed length control field 00251nam a2200109Ia 4500
020 ## - INTERNATIONAL STANDARD BOOK NUMBER
ISBN 978-8131102145
100 ## - MAIN ENTRY--AUTHOR NAME
Personal name Matthew , Zakaria
245 #0 - TITLE STATEMENT
Title Art Of Business Communication
260 ## - PUBLICATION, DISTRIBUTION, ETC. (IMPRINT)
Place of publication New Delhi
Name of publisher Prentice Hall
Year of publication 2004
300 ## - PHYSICAL DESCRIPTION
Number of Pages 321
942 ## - ADDED ENTRY ELEMENTS (KOHA)
Koha item type Books
Holdings
Withdrawn status Lost status Collection code Permanent Location Current Location Shelving location Date acquired Full call number Accession Number Koha item type
    Business MAJU MAJU   2019-09-14 302.25 5899 Business

Powered by Koha